| 000 | 01375cam a2200277 c 4500 | ||
|---|---|---|---|
| 005 | 20200306150133.0 | ||
| 008 | 191209s2019 ck ||||| |||| 00| 0 spa d | ||
| 020 | _a9789587843200 | ||
| 040 |
_aCO-BoUCM _bspa _cDeissy Garcia (modificó) _dDeissy Garcia (modificó) |
||
| 041 | 0 | _aspa | |
| 100 | 1 | 0 |
_aJiménez Nicholls, María Camila _999487 |
| 245 | 1 | 0 |
_aDe trabajadores a proveedores _bla responsabilidad social empresarial y la tercerización laboral en los ingenios azucareros _cMaría Camila Jiménez Nicholls |
| 260 |
_aBogotá _bUniversidad del Rosario _c2019 |
||
| 300 | _a172 páginas | ||
| 490 | 0 | _aOpera prima | |
| 504 | _aIncluye referencias bibliográficas | ||
| 650 | 7 |
_923694 _aResponsabilidad social de los negocios _xHistoria _zColombia |
|
| 650 | 7 |
_912787 _aDerecho laboral _xAspectos sociales |
|
| 650 | 7 |
_911842 _aContratos de trabajo _xAspectos sociales |
|
| 650 | 7 |
_925621 _aTrabajo y trabajadores _vEntrevistas |
|
| 650 | 7 |
_911966 _aCooperación industrial _xAspectos sociales |
|
| 650 | 0 |
_999486 _aCentrales azucareras _xHistoria _zColombia |
|
| 856 |
_uhttps://editorial.urosario.edu.co/gpd-de-trabajadores-a-proveedores-la-responsabilidad-social-empresarial-y-la-tercerizacion-laboral-en-los-ingenios-azucareros.html _zVer información del libro |
||
| 942 |
_cLIBROUR _2DEWEY _a8 _e1 _h658.408 _mJ617d |
||
| 999 |
_c316873 _d316873 |
||